000
00291nam a2200121Ia 4500
008
220120s9999||||xx |||||||||||||| ||und||
082
_a
004.6 STR
100
_a
Strebe, Mathew
_9
11737
245
0
_a
MCSE: NT server study
260
_a
Techmedia
_c
1998
300
_b
0
650
_a
Constitution
999
_c
136998
_d
136998